Szczegóły MARC21

Le nouveau Petit Robert : dictionnaire alphabétique et analogique de la langue française /

005 -DATA I CZAS OSTATNIEJ MODYFIKACJI [,]
    • @
    • pole kontrolne
    • 20101104100449.0
020 -Międzynarod. znormalizowany nr książki - ISBN [ , ]
    • a
    • Numer ISBN
    • 2849021334 Find
040 -Instytucja sporządzająca opis [ , ]
    • a
    • Instytucja, która sporządziła opis (NP)
    • SZCZ U/IJ
    • c
    • Instytucja, która sporządziła rekord (NP)
    • SZCZ U/IJ
    • d
    • Instytucja, która zmodyfikowała rekord (P)
    • SZCZ U/BB
    • d
    • Instytucja, która zmodyfikowała rekord (P)
    • SZCZ U/OG
041 -Język dokumentu [0, ]
    • a
    • Język tekstu (P)
    • francuski
044 -Kraj miejsca wydania [ , ]
    • a
    • Kraj miejsca wydania
    • Francja
942 -Rodzaj dokumentu [ , ]
    • c
    • Rodzaj dokumentu
    • Książka
100 -Hasło główne - nazwa osobowa [1, ]
    • a
    • Nazwa osobowa (NP)
    • Robert, Paul
    • d
    • Daty biograficzne (NP)
    • (1910-1980).
    • 9
    • KHW
    • 18866
245 -Strefa tytułu i oznaczenia odpowiedzialności [1,3]
    • a
    • Tytuł
    • Le nouveau Petit Robert : Find
    • b
    • Ciąg dalszy tytułu (NP)
    • dictionnaire alphabétique et analogique de la langue française / Find
    • c
    • Pozostałe elementy strefy tytułu i oznaczenia odpowiedzialności (NP)
    • nouvelle édition du Petit Robert de Paul Robert ; texte remanié et amplifié sous la dir. de Josette Rey-Debove et Alain Rey.
246 -Wariant tytułu [1,3]
    • i
    • Tekst wyświetlany na ekranie monitora (NP)
    • Tyt. okł.:
    • a
    • Tytuł (NP)
    • Nouveau Petit Robert de la langue française 2007
246 -Wariant tytułu [1,3]
    • i
    • Tekst wyświetlany na ekranie monitora (NP)
    • Tyt. okł.:
    • a
    • Tytuł (NP)
    • Petit Robert
250 -Strefa wydania [ , ]
    • a
    • Oznaczenie wydania (NP)
    • Nouvelle éd. millésime 2007.
260 -Strefa adresu wydawniczego [ , ]
    • a
    • Miejsce wydania (P)
    • Paris :
    • b
    • Nazwa wydawcy (P)
    • Dictionnaires le Robert - SEJER,
    • c
    • Data wydania (P)
    • 2007.
300 -Strefa opisu fizycznego [ , ]
    • a
    • Określenie formy książki i/lub objętość (NP)
    • XLII, 2837 s. ;
    • c
    • Format (NP)
    • 25 cm.
080 -Uniwersalna Klasyfikacja Dziesiętna [ , ]
    • 2
    • Identyfikator wydania tablic
    • UDC-P058
    • a
    • Symbol klasyfikacji
    • 811.133.1'374
    • b
    • Dopowiedzenie
    • Język francuski. - Słowniki języka francuskiego.
    • 9
    • UKD
    • 8081
980 -Symbol UKD [ , ]
    • a
    • UKD
    • 811.133.1'374
700 -Hasło dodatkowe - nazwa osobowa [1, ]
    • a
    • Nazwa osobowa (NP)
    • Rey-Debove, Josette Find
    • d
    • Daty biograficzne (NP)
    • (1929-2005).
    • e
    • Określenie rodzaju współpracy
    • Red.
    • 9
    • KHW
    • 18864
700 -Hasło dodatkowe - nazwa osobowa [1, ]
    • a
    • Nazwa osobowa (NP)
    • Rey, Alain Find
    • d
    • Daty biograficzne (NP)
    • (1928- ).
    • e
    • Określenie rodzaju współpracy
    • Red.
    • 9
    • KHW
    • 531738
920 -ISBN [ , ]
    • a
    • ISBN
    • 2-84902-133-4 Find
Numer inwentarzowy Sygnatura Status udost. Lokalizacja Data inwentaryzacji
A.8153FR. Słowniki języka franc. 161BM2008-11-05